Statistics for What is this country NOT best at? #2

Click here to take the quiz!

General Stats

  • This quiz has been taken 37 times
  • The average score is 3 of 8

Answer Stats

QuestionAnswer% Correct
Afghanistan is not...The world's smallest energy consumer
60%
North Korea is not...The most corrupt country in the world
46%
Niger does not have...The lowest GDP per capita in the world
40%
Moldova is not...The country with the highest income equality
37%
Brazil is not...The country with the highest annual number of murders
31%
Finland is not...The country with the most World Rally Championship wins
31%
Germany is not...The country with the highest % of population owning a smartphone
20%
China is not...The country with the most police officers
20%

Score Distribution

Percentile by Number Answered

Percent of People with Each Score

Your Score History

You have not taken this quiz